Normal view
MARC view
- تاليف بلوط، عادل احمد
Entry Personal Name
001 - CONTROL NUMBER
- control field: 51455
003 - CONTROL NUMBER IDENTIFIER
- control field: JO-AjAnu
005 - DATE AND TIME OF LATEST TRANSACTION
- control field: 20230606082450.0
008 - FIXED-LENGTH DATA ELEMENTS
- fixed length control field: 230606|| aca||aabn | a|a d
040 ## - CATALOGING SOURCE
- Original cataloging agency: JO-AjAnu
- Transcribing agency: JO-AjAnu
100 ## - HEADING--PERSONAL NAME
- Personal name: تاليف بلوط، عادل احمد
670 ## - SOURCE DATA FOUND
- Source citation: Work cat.: (JO-AjAnu)26298: تاليف بلوط، عادل احمد , author, هندسة المرافئ البحرية